Leasing Východní Evropa nejisté rámcové podmínky
Spracované podľa štúdie M. Himmlera uverejnenej v liste Handelsblatt. Štúdia obsahuje podmienky a prekážky, brániace rozvoju obchodu s krajinami strednej a východnej Európy. Problémy leasingových spoločností, ktoré sa zaoberajú medzinárodným leasingom pri presadzovaní sa v krajinách východnej Európy...
Guardado en:
| Formato: | Capítulo de libro |
|---|---|
| Lenguaje: | checo |
| Materias: | |
| Etiquetas: |
Sin Etiquetas, Sea el primero en etiquetar este registro!
|
MARC
| LEADER | 00000naa a2200000 4500 | ||
|---|---|---|---|
| 001 | r013884 | ||
| 005 | 20221213083244.1 | ||
| 041 | 0 | |a cze | |
| 044 | |a CZ | ||
| 245 | 1 | 0 | |a Leasing |b Východní Evropa nejisté rámcové podmínky |
| 520 | |a Spracované podľa štúdie M. Himmlera uverejnenej v liste Handelsblatt. Štúdia obsahuje podmienky a prekážky, brániace rozvoju obchodu s krajinami strednej a východnej Európy. Problémy leasingových spoločností, ktoré sa zaoberajú medzinárodným leasingom pri presadzovaní sa v krajinách východnej Európy. Podmienky pre leasing v Bulharsku, Rumunsku, Maďarsku, Poľsku, ČR a SR. | ||
| 610 | 2 | 0 | |a lízing |
| 610 | 2 | 0 | |a východná Európa |
| 610 | 2 | 0 | |a stredná Európa |
| 610 | 2 | 0 | |a spoločnosti lízingové |